000 00743nam a2200289Ia 4500
001 1934
003 IT-RoPAU
008 130308s9999 xx 000 0 und d
040 _aIT-RoPAU
040 _cIT-RoPAU
041 _aITALIANO
100 _aApollonio Mario
100 _gCodice Aut. SPICS: 9843
245 _aMediazione drammaturgica (La)
245 _bRegia (La)-Volume I
250 _a1a ed.
260 _aTORINO
260 _bERI - Edizioni Rai
260 _c1955 [1° Ed.:1955 - Ed.Ling.Originale:1955]
300 _a"36 p. (prefazione: no ; testo: 36 [pagine: 13-49])"
650 _aREGIA CINEMATOGRAFICA
650 _eCodice materia Spics: 6803
942 _cBK
957 _71
999 _c51569
_d51569
999 _bSI
999 _g1